| 000 | 00698nam a2200217Ii 4500 | ||
|---|---|---|---|
| 001 | 18442 | ||
| 003 | CO-ViMGA | ||
| 008 | 241108s9999||||xx |||||||||||||| ||und|| | ||
| 020 | _a9588250397 | ||
| 040 |
_aCO-ViMGA _bspa _erda _cCO-ViMGA |
||
| 041 | 0 | _aspa | |
| 082 | 0 | 4 | _aR 927.861 C65 |
| 110 | 1 |
_aColombia. Ministerio de Cultura. _91875 |
|
| 245 | 1 | 0 |
_aBeatriz González, Santiago García, Germán Téllez: _bPremio Nacional, vida y obra 2006 |
| 264 | 1 | _aBogotá, Colombia : Ministerio de Cultura, 2007 | |
| 300 | _avolumen | ||
| 336 |
_atext _btxt _2rdacontent |
||
| 337 |
_aunmediated _bn _2rdamedia |
||
| 338 |
_avolume _bnc _2rdacarrier |
||
| 940 | _aidficha_siabuc: 18105. -- ficha_no_siabuc:18442 | ||
| 999 |
_c48726 _d48726 |
||